000 00446nam a22001455i 4500
001 168603
003 ES-MaACL
005 20230906213830.0
008 080423s1932 sp |||| | spa d
100 1 _aMadariaga, César de.
_975282
245 1 3 _aEl seguro sobre la vida en España /
_cpor Cesar de Madariaga.
260 _aMadrid :
_b[s.n.],
_c1932 (
_eImp. de Samarán y Compañía)
300 _a584 p. ;
_c20 cm.
852 _aES-MaACL
_jA-1220
999 _c168603
_d168603